00626nam a22001811i 45000010005000000900009000051000041000142000051000552150018001067000025001247010023001492100029001722250017002014100014002189960115002329900011003479950086003581132 a1132 a20170304u u u0frey50 ba1 fAlberto MeraniaNatureza Humana e Educação a189pd'21 cm' 1aMeranibAlberto4070 1aSantos Leonor4730 cNotíciasaLisboad19782 aPedagogiav7 0tPedagogia f0001228kMERm00000000n00000000aBMVAb1vViana do AlentejoxEducação. Ensino. Pedagogiay21eLivro1031 cLIVROS 001091340bBMVAdBMVAf0001231k159.9 MERo0rLIVROSuEm depósito caixa 34 VNT